| 000 | 00743cam a2200181 i 4500 | ||
|---|---|---|---|
| 005 | 20251120111159.0 | ||
| 008 | 250721s2012 jo gr 000 0 ara d | ||
| 082 | 1 | 4 |
_a210.71 _bع ب د |
| 100 | 1 |
_aعبدالله، محمد محمود _eمؤلف. |
|
| 245 | 1 | 0 |
_aطرق تدريس القرآن الكريم : _bتلاوته وحفظه / _cتأليف محمد محمود عبدالله ؛ راجعه الشيخ عبد الرحمن جبريل. |
| 264 | 3 | 1 |
_aعمان : _bدار المناهج للنشر والتوزيع، _c2012. |
| 300 | _a268 صفحة. | ||
| 650 | 1 | 7 | _aالقرآن الكريم. |
| 650 | 1 | 7 | _aأساليب التدريس. |
| 650 | 1 | 7 | _aقراءات القرآن. |
| 942 |
_2ddc _cBK |
||
| 999 |
_c125930 _d125930 |
||